Harry Potter: l'Etoile filante - Statistiques

Statistiques générales
  • Ce quiz a été pris 19 fois
  • Le résultat moyen est 4 sur 6
Statistiques - réponses
Information Réponses % Correct
Première apparition Harry Potter et la Chambre des Secrets
94%
Dernière apparition Harry Potter et le Prisonnier d'Azkaban
88%
Utilisation Balai volant
81%
Propriétaire Ron Weasley
69%
Année de fabrication 1955
50%
Propriétaire Poudlard
44%
Aucun quiz correspondant
Distribution des résultats
% des personnes avec chaque résultat
Percentile par nombre de réponses
Votre historique - résultats
Vous n’avez pas pris ce quiz